000 01241nam0a2200337 4500
001 RU\NLR\bibl\98555
005 20260406041829.0
010 _a5-7552-0108-0
_93000
021 _aRU
_b2000-10230
_9506
035 _a(NLR Aleph) 000096351
090 _a542434
_c542434
100 _a20000718d1999 |||y0rusy50 ca
101 0 _arus
_aita
102 _aRU
105 _ay |||||||||
200 1 _aИтальянский язык
_dL'itallano
_eВторой этап обучения
_fЛ. Лидина
_zita
210 _aМ.
_cИОСО РАО
_d1999
215 _a349 c.
_d21
300 _aАвт. также на ит. яз.: L. Lidina
300 _aНа обороте тит. л. авт.: Л. Лидина (Грейзбард Лидия Ильинична)
510 0 _aL'itallano
_zita
606 0 _aИтальянский язык
_jУчебные издания
_91232765
_3RU\NLR\auth\66502827
686 _aШ147.31-93рус3
686 _aШ147.31-93рус8
700 1 _4070
_8rus
_7ca
_aГрейзбард
_bЛ. И.
_gЛидия Ильинична
_3RU\NLR\auth\772174
_9112190
801 0 _aRU
_bNLR
_c20000718
_gPSBO
801 1 _aRU
_bNLR
_c20000718
852 _aNLR
_j2000-3/6323
942 _cBOOK
980 _aNB